Liquefaction of natural rubber to liquid fuel using water and alcohol solvents /
Saved in:
| Main Author: | |
|---|---|
| Format: | Thesis Book |
| Language: | English |
| Published: |
2019.
|
| Subjects: | |
| Online Access: | http://studentsrepo.um.edu.my/11601/ |
| Tags: |
Add Tag
No Tags, Be the first to tag this record!
|
| LEADER | 01557cam a2200397 i 4500 | ||
|---|---|---|---|
| 001 | u1123842 | ||
| 003 | SIRSI | ||
| 005 | 201910041213 | ||
| 008 | 191004s2019 my a m 000 0 eng | ||
| 040 | |a UMM |d UMJ |d AUM |e rda | ||
| 043 | |a a-my--- | ||
| 090 | |a TP7 |b UMP 2019 Ahm | ||
| 097 | |a TP7 |b UMP 2019 Ahm | ||
| 100 | 1 | |a Ahmad, Nabeel, |e author. | |
| 245 | 1 | 0 | |a Liquefaction of natural rubber to liquid fuel using water and alcohol solvents / |c Nabeel Ahmad. |
| 264 | 1 | |c 2019. | |
| 300 | |a xv, 166 leaves : |b illustrations ; |c 30 cm | ||
| 336 | |a text |2 rdacontent | ||
| 337 | |a unmediated |2 rdamedia | ||
| 337 | |a computer |2 rdamedia | ||
| 338 | |a volume |2 rdacarrier | ||
| 338 | |a computer disc |2 rdacarrier | ||
| 502 | |b Ph.D. |c Jabatan Kejuruteraan Kimia, Fakulti Kejuruteraan, Universiti Malaya |d 2019. | ||
| 504 | |a Bibliography: leaves 147-165. | ||
| 530 | |a Also issued in CD. | ||
| 650 | 0 | |a Liquefied natural gas. | |
| 650 | 0 | |a Renewable natural resources. | |
| 650 | 0 | |a Liquid fuels. | |
| 650 | 0 | |a Biomass energy |z Malaysia. | |
| 710 | 2 | |a Universiti Malaya. |b Jabatan Kejuruteraan Kimia, |e degree granting institution. | |
| 856 | 4 | 1 | |u http://studentsrepo.um.edu.my/11601/ |
| 596 | |a 1 7 25 | ||
| 900 | |a NSM | ||
| 999 | |a TP7 UMP 2019 AHM |w LC |c 1 |i A517375788 |f 14/10/2019 |g 1 |l STACKS |m P01UTAMA |r Y |s N |t TESIS |u 14/10/2019 |1 STEM | ||
| 999 | |a TP7 UMP 2019 AHM |w LC |c 1 |i A517446246 |f 22/6/2020 |g 1 |l STACKS |m P07JURUTER |r N |s Y |t TESIS |u 22/6/2020 |1 STEM | ||
| 999 | |a TP7 UMP 2019 AHM |w LC |c 1 |i A517197169 |f 27/8/2020 |g 1 |l STACKS |m P25UMARCHI |r N |s Y |t CD |u 27/8/2020 |1 STEM | ||
